[Event "SR 2. liga A 2005/2006"]
[Site "?"]
[Date "2006.01.15"]
[Round "37.4"]
[White "Gajarsky, Julius"]
[Black "Farkas, Vladimir"]
[Result "0-1"]
[WhiteElo "2052"]
[BlackElo "2061"]
[PlyCount "90"]
[EventDate "2005.??.??"]

1. e4 d6 2. d4 g6 3. c4 Nf6 4. Nc3 Bg7 5. f4 c5 6. dxc5 Qa5 7. cxd6 Nxe4 8. Bd2
Nxc3 9. bxc3 Bxc3 10. dxe7 Bxd2+ 11. Qxd2 Qxd2+ 12. Kxd2 Kxe7 13. Re1+ Be6 14.
Nf3 Nc6 15. f5 gxf5 16. Bd3 Rhd8 17. Kc3 Kf6 18. Rhf1 h5 19. h3 Rac8 20. Rb1
Na5 21. Nd2 a6 22. Rb6 Rc6 23. Rxc6 Nxc6 24. g4 hxg4 25. hxg4 Ne7 26. gxf5 Nxf5
27. Ne4+ Ke5 28. Ng5 Nd6 29. c5 Rc8 30. Nxe6 fxe6 31. Kb4 a5+ 32. Kxa5 Rxc5+
33. Kb4 Kd5 34. a4 b6 35. Re1 e5 36. Bf1 e4 37. Bg2 Kd4 38. Bh1 Rc4+ 39. Kb3
Rc3+ 40. Kb4 Rc4+ 41. Kb3 Kc5 42. a5 bxa5 43. Bg2 a4+ 44. Ka3 Nb5+ 45. Ka2 Rc2+
0-1

[Event "SR 2. liga A 2005/2006"]
[Site "?"]
[Date "2006.01.15"]
[Round "37.5"]
[White "Goga, Frantisek"]
[Black "Slamena, Michal"]
[Result "1-0"]
[WhiteElo "2002"]
[BlackElo "2063"]
[PlyCount "27"]
[EventDate "2005.??.??"]

1. e4 e5 2. Nf3 Nc6 3. d4 exd4 4. Nxd4 Qh4 5. Nb5 Qxe4+ 6. Be3 Bb4+ 7. Nd2 Ba5
8. Nxc7+ Kd8 9. c3 Qe7 10. Nxa8 Nf6 11. b4 Nd5 12. bxa5 d6 13. Nc4 Nxe3 14.
Nxd6 1-0

[Event "SR 2. liga A 2005/2006"]
[Site "?"]
[Date "2006.01.15"]
[Round "37.6"]
[White "Peska, Juraj"]
[Black "Raczko, Peter"]
[Result "1-0"]
[WhiteElo "2020"]
[BlackElo "2041"]
[PlyCount "61"]
[EventDate "2005.??.??"]

1. c4 e6 2. Nc3 d5 3. e3 Nf6 4. d4 Be7 5. Nf3 O-O 6. Bd3 Nbd7 7. O-O c6 8. Bd2
Re8 9. Qc2 h6 10. a3 Bd6 11. Rac1 dxc4 12. Bxc4 e5 13. dxe5 Nxe5 14. Nxe5 Bxe5
15. Rfd1 Qe7 16. Ne2 Ng4 17. h3 Nf6 18. Bb4 c5 19. Bxc5 Qc7 20. Bd4 Bxd4 21.
Nxd4 a6 22. Qb3 Qe7 23. Qb6 Nd7 24. Qc7 Qf6 25. b4 Ne5 26. Bd5 Rd8 27. Nf3
Nxf3+ 28. Bxf3 Rxd1+ 29. Rxd1 Bxh3 30. Bxb7 Re8 31. gxh3 1-0

[Event "SR 2. liga A 2005/2006"]
[Site "?"]
[Date "2006.01.15"]
[Round "37.7"]
[White "Deak, Gabriel"]
[Black "Hertel, Ondrej"]
[Result "1-0"]
[WhiteElo "2038"]
[BlackElo "1960"]
[PlyCount "71"]
[EventDate "2005.??.??"]

1. d4 d5 2. Nf3 Nf6 3. Bf4 e6 4. e3 Nbd7 5. Bd3 Be7 6. Nbd2 b6 7. c3 Bb7 8. Qe2
Ne4 9. O-O-O O-O 10. h4 Ndf6 11. Ne5 Nxd2 12. Qxd2 Ne4 13. Qe2 Bd6 14. f3 Bxe5
15. Bxe5 Nd6 16. Bc2 Nc4 17. Bf4 Qd7 18. Bd3 Nd6 19. Qc2 f5 20. g4 c5 21. gxf5
exf5 22. Qh2 Ne8 23. Rhg1 Rc8 24. Be5 Rf7 25. Qf4 Kf8 26. Rg5 g6 27. h5 Qe6 28.
Rdg1 cxd4 29. exd4 Qe7 30. hxg6 Rxc3+ 31. bxc3 Qa3+ 32. Kd2 Qxa2+ 33. Bc2 hxg6
34. Bd6+ Nxd6 35. Qxd6+ Re7 36. Rxg6 1-0

[Event "SR 2. liga A 2005/2006"]
[Site "?"]
[Date "2006.01.15"]
[Round "37.8"]
[White "Synak, Jan"]
[Black "Vinarcik, Jan"]
[Result "1-0"]
[WhiteElo "1779"]
[BlackElo "2046"]
[PlyCount "133"]
[EventDate "2005.??.??"]

1. c4 c5 2. Nc3 Nc6 3. g3 e6 4. Bg2 Nf6 5. e4 a6 6. Nge2 Qc7 7. O-O Be7 8. b3
O-O 9. d4 cxd4 10. Nxd4 Bc5 11. Nc2 Rb8 12. Be3 d6 13. Na4 Rd8 14. Qe2 Bxe3 15.
Nxe3 b6 16. Rfd1 Bb7 17. f4 Rd7 18. Rac1 Rbd8 19. Kh1 Ne7 20. Nc3 Qb8 21. f5
Qa8 22. fxe6 fxe6 23. Ng4 Ne8 24. Na4 Nc8 25. Rd2 Rf7 26. Qe3 Bc6 27. Qg5 Nf6
28. Nh6+ Kf8 29. Nxf7 Kxf7 30. e5 Bxg2+ 31. Rxg2 dxe5 32. Qxe5 Rd2 33. Rcg1 Nd6
34. h3 Nde4 35. Rxd2 Nxd2+ 36. Rg2 Qf3 37. Qf4 Qd1+ 38. Rg1 Qe2 39. Nc3 Qd3 40.
Rd1 Qxc3 41. Rxd2 e5 42. Qf2 e4 43. Re2 Qd3 44. Kg2 h5 45. Qe3 Qd6 46. Rd2 Qc6
47. Kh2 Qe6 48. Qf4 Qe7 49. Qd6 Qb7 50. Re2 a5 51. a3 Kg8 52. b4 axb4 53. axb4
Qa6 54. Qe6+ Kh8 55. Rd2 Kh7 56. c5 Qa3 57. cxb6 Qxb4 58. Qd6 Qb3 59. Qd4 Qf3
60. Qf2 Qc3 61. Rc2 Qe5 62. b7 Nd5 63. Rc8 e3 64. Qc2+ Kh6 65. Rh8+ Kg5 66.
b8=Q Qd4 67. Qd8+ 1-0

[Event "SR 2. liga A 2005/2006"]
[Site "?"]
[Date "2006.01.15"]
[Round "38.1"]
[White "Vlcek, Stanislav"]
[Black "Rohacek, Miroslav"]
[Result "1-0"]
[WhiteElo "2238"]
[BlackElo "2247"]
[PlyCount "57"]
[EventDate "2005.??.??"]

1. Nf3 d6 2. e4 Nf6 3. Nc3 c6 4. d4 Nbd7 5. a4 e5 6. Bc4 h6 7. O-O Be7 8. Qe2
O-O 9. a5 Qc7 10. Ba2 Rb8 11. dxe5 dxe5 12. Nh4 Kh7 13. Be3 b5 14. axb6 axb6
15. Nf5 Bc5 16. Qf3 Bxe3 17. fxe3 g6 18. Rad1 Ba6 19. Rf2 Ng8 20. Qh3 Nc5 21.
Nd6 Bc8 22. Qg3 Qe7 23. Bxf7 g5 24. b4 Nd7 25. Nxc8 Rbxc8 26. Qg4 Ngf6 27. Qf5+
Kh8 28. Rxd7 Nxd7 29. Qg6 1-0

[Event "SR 2. liga A 2005/2006"]
[Site "?"]
[Date "2006.01.15"]
[Round "38.2"]
[White "Machalova, Veronika"]
[Black "Dudas, Jan"]
[Result "1-0"]
[WhiteElo "2222"]
[BlackElo "2287"]
[PlyCount "95"]
[EventDate "2005.??.??"]

1. e4 c5 2. Nf3 d6 3. d4 cxd4 4. Nxd4 Nf6 5. Nc3 a6 6. a4 e5 7. Nb3 Be7 8. Be2
O-O 9. Be3 Be6 10. Bf3 Nbd7 11. O-O Qc7 12. Nd2 Rfd8 13. Qe2 Nc5 14. Bxc5 Qxc5
15. Rfd1 Qb4 16. Rab1 d5 17. exd5 Nxd5 18. Bxd5 Bxd5 19. Qxe5 Bc6 20. Nde4 Re8
21. Rd4 Qb6 22. a5 Qa7 23. Rbd1 Qb8 24. Qxb8 Raxb8 25. Nd6 Red8 26. R4d3 g6 27.
h3 Rd7 28. Nf5 gxf5 29. Rxd7 Bxd7 30. Rxd7 Bb4 31. Nd5 Bxa5 32. Ne7+ Kf8 33.
Nxf5 Ke8 34. Rd5 Bc7 35. Kf1 Rd8 36. Rxd8+ Kxd8 37. Ke2 Kd7 38. Kd3 Ke6 39.
Nd4+ Kd5 40. Nf3 b5 41. Ng5 f6 42. Nxh7 Ke6 43. Nf8+ Kf7 44. Nd7 Bd6 45. Kd4
Ke7 46. Nc5 a5 47. Nb7 Be5+ 48. Kc5 1-0

[Event "SR 2. liga A 2005/2006"]
[Site "?"]
[Date "2006.01.15"]
[Round "38.3"]
[White "Duriga, Stefan"]
[Black "Machalova, Maria"]
[Result "1-0"]
[WhiteElo "2263"]
[BlackElo "2140"]
[PlyCount "107"]
[EventDate "2005.??.??"]

1. d4 Nf6 2. c4 e6 3. Nf3 b6 4. g3 Bb7 5. Bg2 Be7 6. O-O O-O 7. Nc3 Ne4 8. Qc2
Nxc3 9. Qxc3 d6 10. b3 Nd7 11. Bb2 Nf6 12. Rac1 Ne4 13. Qc2 f5 14. Ne1 c5 15.
Nd3 Bg5 16. Rcd1 Qe7 17. dxc5 Nxc5 18. Bxb7 Nxb7 19. e3 Rac8 20. Qe2 Bf6 21.
Rd2 a5 22. Rfd1 Rfd8 23. Bxf6 Qxf6 24. Nb2 Qc3 25. Na4 Qb4 26. Rd4 Nc5 27. Nxc5
Qxc5 28. Qd3 Rc6 29. a4 Qe5 30. Rd2 h6 31. Qe2 Kh8 32. Qf3 Qc5 33. Qh5 Rc7 34.
Qg6 Qe5 35. R2d3 Rcd7 36. f4 Qf6 37. Qh5 d5 38. Rd2 Qe7 39. Qd1 e5 40. Rxd5
Rxd5 41. cxd5 exf4 42. exf4 Qe3+ 43. Kg2 Rd6 44. Rd4 Qc3 45. Qd3 Qb2+ 46. Kh3
Qf2 47. Rc4 Rf6 48. Rc2 Qe1 49. d6 Rf8 50. d7 Qe7 51. Rc8 Rd8 52. Rxd8+ Qxd8
53. Qd5 Kh7 54. Qe6 1-0

[Event "SR 2. liga A 2005/2006"]
[Site "?"]
[Date "2006.01.15"]
[Round "38.4"]
[White "Federic, Pavol"]
[Black "Petrik, Karol"]
[Result "1-0"]
[WhiteElo "2183"]
[BlackElo "2230"]
[PlyCount "61"]
[EventDate "2005.??.??"]

1. e4 d5 2. exd5 Qxd5 3. Nc3 Qa5 4. d4 Nf6 5. Nf3 c6 6. Bc4 Bg4 7. h3 Bh5 8. g4
Bg6 9. Bd2 Qc7 10. Bb3 e6 11. Qe2 Nbd7 12. O-O-O O-O-O 13. Ne5 Bb4 14. h4 Nf8
15. h5 Bxc2 16. Kxc2 Rxd4 17. f3 Bd6 18. Nd3 Be7 19. Qf2 Rxd3 20. Kxd3 Qa5 21.
Kc2 Qa6 22. Be3 N8d7 23. Rd2 Nd5 24. Bxd5 cxd5 25. h6 g6 26. Bd4 Re8 27. Kb1
Bb4 28. Rc2 Kb8 29. Qg3+ Ka8 30. Nxd5 exd5 31. Qc7 1-0

[Event "SR 2. liga A 2005/2006"]
[Site "?"]
[Date "2006.01.15"]
[Round "38.5"]
[White "Petreje, Juraj"]
[Black "Kleman, Miroslav"]
[Result "1/2-1/2"]
[WhiteElo "2181"]
[BlackElo "2177"]
[PlyCount "104"]
[EventDate "2005.??.??"]

1. Nf3 Nf6 2. g3 g6 3. Bg2 Bg7 4. O-O O-O 5. d3 d5 6. Nbd2 Nc6 7. c3 e5 8. e4
dxe4 9. dxe4 Qd3 10. Re1 Bg4 11. h3 Bxf3 12. Bxf3 Rfd8 13. Be2 Qd7 14. Kh2 Bh6
15. Nc4 Bxc1 16. Rxc1 Qe7 17. Qc2 Qc5 18. Kg2 a5 19. a4 Rd7 20. Red1 Rad8 21.
Rxd7 Rxd7 22. Ne3 Nd8 23. Rd1 Rxd1 24. Qxd1 Ne6 25. Qd3 h5 26. h4 Kg7 27. f3
Ne8 28. Bd1 Nd6 29. Be2 c6 30. Nc2 Ne8 31. Qd7 Qd6 32. Qxe8 Qd2 33. Kf1 Qxc2
34. Qb8 Qxb2 35. Qxe5+ Kf8 36. f4 Qb1+ 37. Kf2 Qb6+ 38. Kf3 Qc5 39. Qf6 Ke8 40.
f5 gxf5 41. exf5 Qd5+ 42. Ke3 Nc5 43. Qh8+ Ke7 44. Qxh5 Qe5+ 45. Kf3 Qxc3+ 46.
Kg2 Nxa4 47. Qg5+ Qf6 48. Qf4 b5 49. g4 Qxh4 50. Qc7+ Kf8 51. Qxc6 Qe1 52. Qd6+
Kg8 1/2-1/2

[Event "SR 2. liga A 2005/2006"]
[Site "?"]
[Date "2006.01.15"]
[Round "38.6"]
[White "Machalova, Erika"]
[Black "Sukuba, Zdeno"]
[Result "1/2-1/2"]
[WhiteElo "2056"]
[BlackElo "2108"]
[PlyCount "62"]
[EventDate "2005.??.??"]

1. d4 Nf6 2. c4 e6 3. Nc3 Bb4 4. Qc2 c5 5. dxc5 Na6 6. Nf3 Nxc5 7. a3 Bxc3+ 8.
Qxc3 Nce4 9. Qc2 a5 10. b3 d5 11. h3 dxc4 12. Qxc4 Qd5 13. Qxd5 Nxd5 14. Bb2
O-O 15. e3 Bd7 16. Ne5 Be8 17. Bc4 f6 18. Nd3 Nd6 19. Bxd5 exd5 20. Nf4 Bf7 21.
Ne2 a4 22. b4 Nb5 23. Nd4 Nxd4 24. Bxd4 Rfc8 25. Kd2 Rc4 26. Rac1 Rac8 27. Rc3
Be8 28. Rhc1 b5 29. Bc5 Kf7 30. Bd4 Ke6 31. Ke2 Rxc3 1/2-1/2

[Event "SR 2. liga A 2005/2006"]
[Site "?"]
[Date "2006.01.15"]
[Round "38.7"]
[White "Kebis, Milos"]
[Black "Antol, Ladislav"]
[Result "1-0"]
[WhiteElo "2038"]
[BlackElo "2046"]
[PlyCount "57"]
[EventDate "2005.??.??"]

1. c4 Nf6 2. Nf3 c5 3. Nc3 Nc6 4. d4 d5 5. cxd5 Nxd5 6. e4 Nxc3 7. bxc3 cxd4 8.
cxd4 e6 9. a3 Be7 10. Be2 Bf6 11. e5 Be7 12. O-O O-O 13. Qd3 b5 14. Qe4 Bb7 15.
Qg4 f5 16. exf6 Bxf6 17. Be3 Qd5 18. Rac1 Be7 19. Bd3 h5 20. Qg6 Rf6 21. Qh7+
Kf7 22. Be4 Qd6 23. Bxc6 Bxc6 24. Rxc6 Qd5 25. Ne5+ Ke8 26. Qxg7 Rf5 27. Qg8+
Rf8 28. Qg6+ Kd8 29. Rxe6 1-0

[Event "SR 2. liga A 2005/2006"]
[Site "?"]
[Date "2006.01.15"]
[Round "38.8"]
[White "Helbich, Branislav"]
[Black "Mandak, Miroslav"]
[Result "0-1"]
[WhiteElo "2070"]
[BlackElo "2072"]
[PlyCount "72"]
[EventDate "2005.??.??"]

1. e4 c6 2. d4 d5 3. e5 Bf5 4. g4 Bg6 5. h4 h6 6. Nh3 e6 7. Nf4 Bh7 8. Nd2 Be7
9. Nf3 Be4 10. Bd3 Bxd3 11. Qxd3 Qd7 12. Be3 Na6 13. c3 O-O-O 14. b4 Re8 15.
Ke2 Bd8 16. a4 Ne7 17. Nh5 Reg8 18. Nf4 Bc7 19. Rhb1 f6 20. b5 Nb8 21. Ra2 Ba5
22. Rab2 b6 23. Rb3 Kb7 24. h5 Re8 25. Kd2 f5 26. g5 hxg5 27. Nxg5 Ng8 28.
bxc6+ Nxc6 29. Rb5 Nh6 30. R5b3 Ng4 31. Rh1 Rh6 32. f3 Nxe3 33. Kxe3 Qc7 34.
Qb5 a6 35. Qd3 Nxe5 36. Qd2 Nc4+ 0-1

[Event "SR 2. liga A 2005/2006"]
[Site "?"]
[Date "2006.01.15"]
[Round "39.1"]
[White "Meszaros, Michal"]
[Black "Kozinka, Roman"]
[Result "1-0"]
[WhiteElo "2348"]
[BlackElo "2037"]
[PlyCount "59"]
[EventDate "2005.??.??"]

1. e4 c5 2. Nf3 d6 3. d4 cxd4 4. Nxd4 Nf6 5. Nc3 a6 6. Be2 e6 7. O-O Be7 8. f4
Qc7 9. Be3 Nc6 10. Qe1 Nxd4 11. Bxd4 b5 12. a3 Bb7 13. Qg3 O-O 14. Kh1 Rac8 15.
Rae1 Rfe8 16. Bd3 Nh5 17. Qg4 Nf6 18. Qg3 Nh5 19. Qh3 g6 20. e5 dxe5 21. Bxe5
Bd6 22. Be4 Bxe5 23. fxe5 Red8 24. Qe3 Ng7 25. Re2 Bd5 26. Bxd5 exd5 27. Qf3
Qd7 28. Rd1 Qe6 29. Nxd5 Kf8 30. Rd3 1-0

[Event "SR 2. liga A 2005/2006"]
[Site "?"]
[Date "2006.01.15"]
[Round "39.2"]
[White "Halas, Miroslav"]
[Black "Gasa, Andrej"]
[Result "0-1"]
[WhiteElo "2004"]
[BlackElo "2212"]
[PlyCount "70"]
[EventDate "2005.??.??"]

1. e4 c5 2. Nf3 d6 3. Bb5+ Bd7 4. Bxd7+ Qxd7 5. c4 Qg4 6. Nc3 Nf6 7. Qe2 Qxg2
8. Rg1 Qh3 9. b3 Nc6 10. Bb2 e5 11. Nd5 Nxd5 12. exd5 Ne7 13. O-O-O O-O-O 14.
Rg3 Qd7 15. Nh4 g6 16. Rf1 Bh6 17. Ng2 Nf5 18. Rd3 Rde8 19. Qe4 Bg7 20. Kc2 Kb8
21. f4 Nd4+ 22. Bxd4 f5 23. Qe1 e4 24. Rg3 cxd4 25. Qc1 Qc7 26. Re1 Qa5 27. Kb1
d3 28. Ne3 Bf6 29. Rg2 Rc8 30. a3 b5 31. Ka2 Ka8 32. Qb1 bxc4 33. b4 Qb6 34.
Rc1 c3 35. Nd1 c2 0-1

[Event "SR 2. liga A 2005/2006"]
[Site "?"]
[Date "2006.01.15"]
[Round "39.3"]
[White "Polasek, Filip"]
[Black "Puskas, Miroslav"]
[Result "1-0"]
[WhiteElo "2068"]
[BlackElo "2054"]
[PlyCount "21"]
[EventDate "2005.??.??"]

1. e4 e5 2. Nf3 Nc6 3. Nc3 d6 4. Bb5 Bd7 5. d4 exd4 6. Nxd4 Nge7 7. O-O Nxd4 8.
Qxd4 Nc6 9. Bxc6 Bxc6 10. Nd5 Qh4 11. Nxc7+ 1-0

[Event "SR 2. liga A 2005/2006"]
[Site "?"]
[Date "2006.01.15"]
[Round "39.5"]
[White "Hanzluvka, Peter"]
[Black "Hagara, Vladimir"]
[Result "1/2-1/2"]
[WhiteElo "2032"]
[BlackElo "1968"]
[PlyCount "43"]
[EventDate "2005.??.??"]

1. e4 e6 2. d4 d5 3. e5 c5 4. c3 Nc6 5. Nf3 Qb6 6. Be2 cxd4 7. cxd4 Nge7 8. Na3
Bd7 9. O-O Nf5 10. Nc2 Be7 11. a3 h6 12. b4 Rc8 13. Be3 O-O 14. Qd2 Rc7 15.
Rfc1 Rfc8 16. Nce1 Nb8 17. Nd3 Rxc1+ 18. Rxc1 Rxc1+ 19. Nxc1 Bb5 20. Bd1 Qc6
21. Qc2 Qxc2 22. Bxc2 1/2-1/2

[Event "SR 2. liga A 2005/2006"]
[Site "?"]
[Date "2006.01.15"]
[Round "39.6"]
[White "Klanica, Anton"]
[Black "Pagerka, Martin"]
[Result "0-1"]
[WhiteElo "1906"]
[BlackElo "1849"]
[PlyCount "98"]
[EventDate "2005.??.??"]

1. e4 c5 2. Nf3 Nc6 3. Bb5 g6 4. c4 Bg7 5. Nc3 Nf6 6. d3 O-O 7. O-O d6 8. Bd2
Qc7 9. Bg5 Be6 10. Qd2 Ne5 11. Ne1 a6 12. Ba4 b5 13. cxb5 axb5 14. Bxb5 Ra5 15.
Nc2 Rfa8 16. f4 Nc6 17. f5 Bxa2 18. fxg6 hxg6 19. Bxc6 Qxc6 20. Bxf6 Bxf6 21.
Nd5 Qb7 22. Nxf6+ exf6 23. Qc3 Qb3 24. Qxb3 Bxb3 25. Rxa5 Rxa5 26. Na3 Kg7 27.
Kf2 d5 28. exd5 Bxd5 29. Rc1 f5 30. g3 Kf6 31. h4 Ke5 32. Ke3 f6 33. Kd2 f4 34.
gxf4+ Kxf4 35. Rf1+ Bf3 36. Rg1 g5 37. hxg5 fxg5 38. Nc4 Ra7 39. Kc3 Rd7 40.
Nd2 g4 41. Nxf3 gxf3 42. Rf1 Ke3 43. Kc4 Ke2 44. Rxf3 Kxf3 45. Kxc5 Rc7+ 46.
Kd4 Rb7 47. Kc3 Ke3 48. b3 Rc7+ 49. Kb4 Kxd3 0-1

[Event "SR 2. liga A 2005/2006"]
[Site "?"]
[Date "2006.01.15"]
[Round "39.7"]
[White "Pericka, Tomas"]
[Black "Bahna, Jan"]
[Result "1/2-1/2"]
[WhiteElo "1945"]
[BlackElo "1989"]
[PlyCount "35"]
[EventDate "2005.??.??"]

1. e4 e5 2. f4 d6 3. Nf3 Nc6 4. Bc4 Be7 5. O-O Nf6 6. d3 Na5 7. fxe5 dxe5 8.
Nbd2 O-O 9. a3 Ng4 10. Qe1 Bc5+ 11. Kh1 Ne3 12. b4 Nxf1 13. Nxf1 Nxc4 14. bxc5
c6 15. dxc4 f6 16. Bb2 Qe7 17. Bc3 Be6 18. Ne3 1/2-1/2

[Event "SR 2. liga A 2005/2006"]
[Site "?"]
[Date "2006.01.15"]
[Round "39.8"]
[White "Steinecker, Frantisek"]
[Black "Diviak, Rastislav"]
[Result "1-0"]
[WhiteElo "1350"]
[BlackElo "1985"]
[PlyCount "123"]
[EventDate "2005.??.??"]

1. e4 c5 2. Nf3 d6 3. Bc4 e6 4. d4 cxd4 5. Nxd4 Nf6 6. Nc3 a6 7. Bg5 Be7 8. O-O
O-O 9. Be3 b5 10. Bd3 Bb7 11. f3 Nbd7 12. Nce2 d5 13. Ng3 Ne5 14. Qe2 Rc8 15.
exd5 Nxd5 16. Bf2 Nxd3 17. Qxd3 Qc7 18. c3 Rfd8 19. Rad1 Nf6 20. Qe2 Bd5 21.
Rfe1 Qb7 22. Nb3 b4 23. Na5 Qc7 24. Qxa6 Rd6 25. Qb5 Rb8 26. Qc5 Rc6 27. Qa7
Bc5 28. Bxc5 Rxc5 29. Qxc7 Rxc7 30. cxb4 Bxa2 31. b3 Rc3 32. Ne2 Rc2 33. Rc1
Rxc1 34. Rxc1 Nd5 35. Nc6 Re8 36. Ned4 g6 37. Ra1 Nc3 38. b5 e5 39. Nb4 exd4
40. Nxa2 Rb8 41. Nxc3 dxc3 42. Rc1 Rxb5 43. Rxc3 h5 44. h4 Ra5 45. Kf2 Ra2+ 46.
Kg3 Kg7 47. f4 Kf6 48. Re3 Rb2 49. Kf3 Kf5 50. g3 Kf6 51. Ke4 Ke6 52. Kd4+ Kd6
53. Kc4 Kc6 54. Rc3 Kb6 55. Kd5 Re2 56. Kd4 Kb5 57. Re3 Rb2 58. Ke5 Rc2 59. Kf6
Rc7 60. f5 gxf5 61. Kxf5 Rc5+ 62. Re5 1-0

[Event "SR 2. liga A 2005/2006"]
[Site "?"]
[Date "2006.01.15"]
[Round "40.1"]
[White "Ruckschloss, Karol"]
[Black "Lanc, Alois"]
[Result "1/2-1/2"]
[WhiteElo "2275"]
[BlackElo "2445"]
[PlyCount "56"]
[EventDate "2005.??.??"]

1. c4 c6 2. d4 d5 3. e3 Nf6 4. Nf3 e6 5. Bd3 Nbd7 6. O-O Bd6 7. Nc3 O-O 8. e4
dxc4 9. Bxc4 e5 10. Bg5 b5 11. Bb3 a6 12. a4 b4 13. Ne2 h6 14. Bh4 Qc7 15. Rc1
Bb7 16. d5 c5 17. Nd2 a5 18. f3 Nh5 19. Bc4 Nb6 20. Bf2 Qe7 21. Bb5 Rfc8 22.
Nc4 Nxc4 23. Rxc4 Rc7 24. Qd2 f5 25. Nc1 fxe4 26. fxe4 Rf8 27. Nd3 Nf4 28. Nxf4
Rxf4 1/2-1/2

[Event "SR 2. liga A 2005/2006"]
[Site "?"]
[Date "2006.01.15"]
[Round "40.2"]
[White "Szitkey, Milan"]
[Black "Provaznik, Michal"]
[Result "0-1"]
[WhiteElo "2220"]
[BlackElo "2164"]
[PlyCount "70"]
[EventDate "2005.??.??"]

1. e4 c5 2. Nf3 Nc6 3. c3 d5 4. exd5 Qxd5 5. d4 e5 6. dxe5 Qxd1+ 7. Kxd1 Bf5 8.
Bf4 O-O-O+ 9. Nbd2 f6 10. Bb5 Nxe5 11. Nxe5 fxe5 12. Bxe5 Nf6 13. f3 Nd7 14.
Bf4 Nb6 15. Bg5 Rd5 16. c4 Rd3 17. a4 a5 18. Re1 Bd6 19. g4 h6 20. gxf5 hxg5
21. Kc2 Rd4 22. Re2 Nd7 23. Rae1 Ne5 24. Nb3 Nxf3 25. Re8+ Kc7 26. Nxd4 Nxe1+
27. Rxe1 cxd4 28. Kd3 Bc5 29. Re6 Rh3+ 30. Ke4 d3 31. Rg6 Re3+ 32. Kd5 d2 33.
Kxc5 d1=Q 34. Rxg7+ Kb8 35. Kb6 Qd8+ 0-1

[Event "SR 2. liga A 2005/2006"]
[Site "?"]
[Date "2006.01.15"]
[Round "40.3"]
[White "Horak, Ivan"]
[Black "Felcir, Jaroslav"]
[Result "0-1"]
[WhiteElo "2141"]
[BlackElo "2197"]
[PlyCount "49"]
[EventDate "2005.??.??"]

1. e4 e5 2. Nf3 Nc6 3. Bc4 Bc5 4. b4 Bxb4 5. c3 Ba5 6. d4 exd4 7. O-O d3 8. Qb3
Qf6 9. e5 Qg6 10. Rd1 d2 11. Nbxd2 Bb6 12. Ba3 Nge7 13. Bxe7 Nxe7 14. Qa3 Nc6
15. Re1 h6 16. Ne4 Kd8 17. Rad1 Re8 18. Qb3 Re7 19. Bd5 Ke8 20. Nf6+ gxf6 21.
exf6 Qxf6 22. Rxe7+ Nxe7 23. Re1 c6 24. Be4 d5 25. Bd3 0-1

[Event "SR 2. liga A 2005/2006"]
[Site "?"]
[Date "2006.01.15"]
[Round "40.4"]
[White "Minich, Peter"]
[Black "Kovarik, Oto"]
[Result "1-0"]
[WhiteElo "2197"]
[BlackElo "2108"]
[PlyCount "117"]
[EventDate "2005.??.??"]

1. e4 c5 2. g3 Nc6 3. Bg2 d6 4. Ne2 g6 5. O-O Bg7 6. c3 e6 7. Na3 Nge7 8. Nc2
O-O 9. d4 Qc7 10. Be3 b6 11. Re1 Bb7 12. Qd2 Na5 13. b3 Rac8 14. Rac1 Nac6 15.
c4 e5 16. d5 Nd4 17. Bh6 Nxe2+ 18. Rxe2 Rce8 19. Bxg7 Kxg7 20. f4 Ng8 21. Ne3
Bc8 22. f5 f6 23. h4 a6 24. Rf2 b5 25. Bh3 Kh8 26. Kh2 b4 27. fxg6 hxg6 28.
Rcf1 Bxh3 29. Kxh3 Kg7 30. g4 Nh6 31. g5 Qd7+ 32. Kg3 Ng8 33. gxf6+ Nxf6 34.
Rxf6 Rxf6 35. Rxf6 Kxf6 36. Ng4+ Kf7 37. Qf2+ Kg7 38. Qf6+ Kh7 39. Qg5 Rf8 40.
Nf6+ Rxf6 41. Qxf6 a5 42. Qf8 Qc7 43. Kg4 Qd7+ 44. Kg5 Qg7 45. Qxd6 Qh6+ 46.
Kf6 Qf4+ 47. Ke6 Qxe4 48. Qc7+ Kh6 49. Qxe5 Qg4+ 50. Kd6 Qc8 51. Qe3+ Kg7 52.
Qxc5 Qd8+ 53. Kc6 Qxh4 54. d6 Qd8 55. d7 g5 56. Qb6 Qf6+ 57. Kb7 Qe7 58. Qc7
Qe4+ 59. Kb8 1-0

[Event "SR 2. liga A 2005/2006"]
[Site "?"]
[Date "2006.01.15"]
[Round "40.5"]
[White "Pribila, Michal"]
[Black "Nicolini, Alexander"]
[Result "1-0"]
[WhiteElo "1987"]
[BlackElo "2133"]
[PlyCount "77"]
[EventDate "2005.??.??"]

1. e4 e5 2. Nc3 Bc5 3. Bc4 d6 4. d3 Nc6 5. a3 Nge7 6. Nf3 h6 7. h3 Ng6 8. Na4
Bb6 9. Nxb6 axb6 10. c3 Qf6 11. Nh2 Bd7 12. Ng4 Qd8 13. Ne3 Be6 14. Nd5 Nce7
15. Ne3 Qd7 16. Bxe6 Qxe6 17. O-O O-O 18. Qf3 Nf4 19. d4 c6 20. dxe5 dxe5 21.
Ng4 Neg6 22. g3 Nxh3+ 23. Kg2 f5 24. Kxh3 h5 25. Nh6+ gxh6 26. Kg2 f4 27. Qxh5
Rf6 28. f3 fxg3 29. Kxg3 Raf8 30. Bxh6 R8f7 31. Bg5 Nf4 32. Bxf4 exf4+ 33. Kf2
Qb3 34. Rg1+ Kf8 35. Rad1 Qc2+ 36. Ke1 Rd6 37. Rxd6 Qc1+ 38. Rd1 Qe3+ 39. Kf1
1-0

[Event "SR 2. liga A 2005/2006"]
[Site "?"]
[Date "2006.01.15"]
[Round "40.7"]
[White "Kasanicky, Robert"]
[Black "Puchart, Vladimir"]
[Result "1-0"]
[WhiteElo "1980"]
[BlackElo "2104"]
[PlyCount "121"]
[EventDate "2005.??.??"]

1. e4 c5 2. Nf3 d6 3. d3 a6 4. g3 b5 5. Bg2 Bb7 6. O-O g6 7. a4 Nd7 8. axb5
axb5 9. Rxa8 Qxa8 10. Na3 Bc6 11. c3 Bg7 12. Qb3 Ngf6 13. Nc2 O-O 14. Ne3 Rb8
15. Nd2 b4 16. Qc2 Qa2 17. Ndc4 bxc3 18. bxc3 Qxc2 19. Nxc2 Ng4 20. h3 Nge5 21.
Nxe5 Nxe5 22. d4 Nd3 23. Be3 Rb3 24. dxc5 dxc5 25. c4 Rc3 26. Rd1 Be5 27. Bh6
f6 28. Ne3 Bd4 29. Rd2 Ne1 30. Nd5 Bxd5 31. cxd5 Rc1 32. Kh2 Nxg2 33. Kxg2 Kf7
34. Rxd4 Rc2 35. Rd2 Rc3 36. Be3 Ke8 37. Rd1 Kd7 38. Rc1 Ra3 39. Rxc5 Ra2 40.
Rc6 Ra4 41. Re6 Rc4 42. h4 Rc2 43. Bh6 Rc8 44. g4 Ra8 45. Kg3 Rc8 46. f3 Ra8
47. Kf4 Rc8 48. g5 fxg5+ 49. Bxg5 Rf8+ 50. Kg4 Rf7 51. Rxe7+ Rxe7 52. Bxe7 Kxe7
53. Kg5 Kf7 54. Kh6 Kg8 55. e5 Kf7 56. Kxh7 Kf8 57. Kxg6 Kg8 58. e6 Kf8 59. d6
Ke8 60. h5 Kf8 61. h6 1-0

[Event "SR 2. liga A 2005/2006"]
[Site "?"]
[Date "2006.01.15"]
[Round "40.8"]
[White "Mosny, Jaroslav"]
[Black "Bilovsky, Milan"]
[Result "1-0"]
[WhiteElo "2066"]
[BlackElo "1889"]
[PlyCount "95"]
[EventDate "2005.??.??"]

1. d4 d5 2. c4 c6 3. Nc3 e6 4. e3 Nf6 5. Nf3 Nbd7 6. Bd3 Bd6 7. O-O O-O 8. b3
e5 9. cxd5 cxd5 10. Nb5 Bb8 11. dxe5 Nxe5 12. Bb2 Nxd3 13. Qxd3 a6 14. Nbd4 Bg4
15. Ne2 Bxf3 16. gxf3 Qd6 17. Ng3 Rd8 18. Qf5 Ne8 19. Rfd1 g6 20. Qg4 Qe6 21.
Rac1 Ba7 22. Bd4 b5 23. Ne2 Nf6 24. Qh4 Bxd4 25. Nxd4 Qe7 26. Nc6 Qd6 27. Nxd8
Rxd8 28. Qd4 Qe6 29. Qh4 Kg7 30. Kg2 h5 31. Qd4 Rd6 32. Rc5 Qf5 33. Rdc1 Qg5+
34. Kf1 h4 35. h3 Qf5 36. Rc6 Qxh3+ 37. Ke2 Qd7 38. Rxd6 Qxd6 39. Qxh4 Nd7 40.
Qd4+ f6 41. Rc8 Kf7 42. Qc3 Qa3 43. Qc2 a5 44. Rc7 Ke7 45. Kf1 Kd8 46. Qc6 Ne5
47. Rc8+ Ke7 48. Qe8+ 1-0

[Event "SR 2. liga A 2005/2006"]
[Site "?"]
[Date "2006.01.15"]
[Round "41.1"]
[White "Pacher, Milan"]
[Black "Hrivnak, Martin"]
[Result "0-1"]
[WhiteElo "2201"]
[BlackElo "2177"]
[PlyCount "86"]
[EventDate "2005.??.??"]

1. d4 g6 2. c4 Bg7 3. Nf3 d6 4. g3 e5 5. Bg2 Nc6 6. d5 Nce7 7. O-O Bg4 8. Nc3
Qd7 9. e4 h5 10. h4 f5 11. Qb3 Bxf3 12. Qxb7 Bxg2 13. Qxa8+ Kf7 14. Kxg2 f4 15.
Qxa7 Qg4 16. Rh1 Nf6 17. Qa4 f3+ 18. Kg1 Nxe4 19. Nxe4 Qxe4 20. Bg5 Nf5 21. Qd1
Qg4 22. Kh2 e4 23. Qd2 Be5 24. Bf4 e3 25. Bxe5 exd2 26. Bxh8 Nxh4 27. Bc3 Nf5
28. Bxd2 h4 29. Be1 hxg3+ 30. fxg3 Qd4 31. Rf1 Qxb2+ 32. Bf2 Ne3 33. Kg1 Nxf1
34. Rxf1 g5 35. g4 Kf6 36. Re1 Qxa2 37. Re3 Qb1+ 38. Kh2 Qh7+ 39. Kg3 Qh4+ 40.
Kxf3 Qh3+ 41. Ke4 Qxg4+ 42. Kd3 Qf5+ 43. Ke2 Qc2+ 0-1